Normal view
MARC view
- تأليف قمحاوي، محمد الصادق
Entry Personal Name
001 - CONTROL NUMBER
- control field: 8213
003 - CONTROL NUMBER IDENTIFIER
- control field: JO-AjAnu
005 - DATE AND TIME OF LATEST TRANSACTION
- control field: 20230606071627.0
008 - FIXED-LENGTH DATA ELEMENTS
- fixed length control field: 230606|| aca||aabn | a|a d
040 ## - CATALOGING SOURCE
- Original cataloging agency: JO-AjAnu
- Transcribing agency: JO-AjAnu
100 ## - HEADING--PERSONAL NAME
- Personal name: تأليف قمحاوي، محمد الصادق
670 ## - SOURCE DATA FOUND
- Source citation: Work cat.: (JO-AjAnu)4242: تأليف قمحاوي، محمد الصادق, author, البرهان في تجويد القرآن ويليه رسالة في فضائل القرآن